Подробности
| 000 -МАРКЕР |
| контрольное поле |
01896nam0a2200325 4500 |
| 001 - ИДЕНТИФИКАТОР ЗАПИСИ |
| контрольное поле |
RU\NLR\bibl\72891 |
| 005 - ИДЕНТИФИКАТОР ВЕРСИИ |
| контрольное поле |
20260407053001.0 |
| 021 ## - НОМЕР ГОСУДАРСТВЕННОЙ РЕГИСТРАЦИИ |
| Код страны |
Российская Федерация |
| Номер |
1999-47722 |
| Номер Листа государственной регистраци |
2357 |
| 035 ## - ДРУГИЕ СИСТЕМНЫЕ НОМЕРА |
| Идентификатор записи |
(NLR Aleph) 000071124 |
| 100 ## - ДАННЫЕ ОБЩЕЙ ОБРАБОТКИ |
| Данные общей обработки |
20000302d1999 |||y0rusy50 ca |
| 101 0# - ЯЗЫК РЕСУРСА |
| Язык текста, звукозаписи и т.д. |
русский |
| 102 ## - СТРАНА ПУБЛИКАЦИИ ИЛИ ПРОИЗВОДСТВА |
| Страна публикации |
Российская Федерация |
| 105 ## - ПОЛЕ КОДИРОВАННЫХ ДАННЫХ: ТЕКСТОВЫЕ МАТЕРИАЛЫ, МОНОГРАФИЧЕСКИЕ |
| Кодированные данные о монографическом текстовом документе |
y ||||||||| |
| 200 1# - ЗАГЛАВИЕ И СВЕДЕНИЯ ОБ ОТВЕТСТВЕННОСТИ |
| Основное заглавие |
Учебно-методические материалы по специальности "Дирижирование народным хором" |
| Сведения, относящиеся к заглавию |
[Для студентов, аспирантов, преподавателей фак. нац. культуры и муз. вузов |
| -- |
Сб.] |
| Первые сведения об ответственности |
М-во общ. и проф. образования РФ, Морд. гос. ун-т им. Н.П. Огарева. Фак. нац. культуры. Каф. нар. музыки |
| Последующие сведения об ответственности |
[Сост. и отв. ред. Л.Б. Бояркина, доц., лауреат Гос. премии РМ] |
| 210 ## - ПУБЛИКАЦИЯ, РАСПРОСТРАНЕНИЕ И ДР. |
| Место издания, распространения и т.д. |
Саранск |
| Имя издателя, распространителя и т. д. |
Морд. гос. ун-т |
| Дата издания, распространения и т.д. |
1999 |
| 215 ## - ФИЗИЧЕСКАЯ ХАРАКТЕРИСТИКА |
| Специфическое обозначение материала и объем |
324 с. |
| Размеры |
21 |
| 320 ## - ПРИМЕЧАНИЯ О НАЛИЧИИ В ДОКУМЕНТЕ БИБЛИОГРАФИИ / УКАЗАТЕЛЯ |
| Текст примечания |
Библиогр. в конце ст. |
| 606 0# - НАИМЕНОВАНИЕ ТЕМЫ КАК ПРЕДМЕТ |
| Наименование темы |
Дирижирование хором |
| Формальный подзаголовок |
Сборники |
| Тематический подзаголовок |
Методика преподавания |
| Системный номер авторитетной/нормативной записи |
1098033 |
| Идентификатор авторитетной/нормативной записи |
RU\NLR\auth\66431895 |
| 606 0# - НАИМЕНОВАНИЕ ТЕМЫ КАК ПРЕДМЕТ |
| Наименование темы |
Дирижирование хором |
| Формальный подзаголовок |
Методические пособия |
| Тематический подзаголовок |
Преподавание |
| Системный номер авторитетной/нормативной записи |
2153406 |
| Идентификатор авторитетной/нормативной записи |
RU\NLR\auth\661296578 |
| 686 ## - ИНДЕКСЫ ДРУГИХ КЛАССИФИКАЦИЙ |
| Индекс |
Щ310.714.1-7я43 |
| 686 ## - ИНДЕКСЫ ДРУГИХ КЛАССИФИКАЦИЙ |
| Индекс |
Ч489.726 |
| 702 #1 - ИМЯ ЛИЦА - ВТОРИЧНАЯ ОТВЕТСТВЕННОСТЬ |
| Начальный элемент ввода |
Бояркина |
| Часть имени, кроме начального элемента ввода |
Л. Б. |
| Расширение инициалов личного имени |
Людмила Борисовна |
| Код отношения |
Составитель |
| 712 02 - НАИМЕНОВАНИЕ ОРГАНИЗАЦИИ - ВТОРИЧНАЯ ОТВЕТСТВЕННОСТЬ |
| Код отношения |
Прочие |
| Начальный элемент ввода |
Мордовский государственный университет им. Н. П. Огарева |
| Идентифицирующий признак |
Саранск |
| Структурное подразделение |
Кафедра народной музыки |
| Идентификатор авторитетной/нормативной записи |
RU\NLR\AUTH\8810022797 |
| Системный номер авторитетной/нормативной записи |
543610 |
| 801 #0 - ИСТОЧНИК ЗАПИСИ |
| Страна |
Российская Федерация |
| Организация |
NLR |
| Дата составления |
20000302 |
| Правила каталогизации |
PSBO |
| 801 #1 - ИСТОЧНИК ЗАПИСИ |
| Страна |
Российская Федерация |
| Организация |
NLR |
| Дата составления |
20000302 |
| 852 ## - МЕСТОНАХОЖДЕНИЕ И ШИФР ХРАНЕНИЯ |
| Идентификатор организации |
NLR |
| Шифр хранения (Call Number) |
99-3/19811 |
| 942 ## - ДОПОЛНИТЕЛЬНЫЕ ЭЛЕМЕНТЫ ЗАПИСИ (АБИС) |
| Тип экземпляра АБИС |
Книга |
| 980 ## - КОЛЛЕКЦИЯ |
| Название коллекции |
Национальная библиография |